Real Madrid CF Squad 2021-2022 - Statistics

General Stats
  • This quiz has been taken 2,774 times
    1,085 since last reset
  • The average score is 22 of 26
Answer Stats
# Position Nation Player % Correct
1 GK Belgium Thibaut Courtois
99%
10 MF Croatia Luka Modrić
97%
8 MF Germany Toni Kroos
97%
4 DF Austria David Alaba
96%
9 FW France Karim Benzema
96%
2 DF Spain Daniel Carvajal
95%
15 MF Uruguay Fede Valverde
94%
18 FW Wales Gareth Bale
94%
20 FW Brazil Vinícius Júnior
94%
7 FW Belgium Eden Hazard
92%
3 DF Brazil Éder Militão
92%
21 FW Brazil Rodrygo
92%
13 GK Ukraine Andriy Lunin
91%
- Coach Italy Carlo Ancelotti
90%
14 MF Brazil Casemiro
88%
6 DF Spain Nacho Fernández
86%
12 DF Brazil Marcelo
85%
25 MF France Eduardo Camavinga
83%
23 DF France Ferland Mendy
81%
11 FW Spain Marco Asensio
80%
24 FW Dominican Republic Mariano Díaz
76%
17 FW Spain Lucas Vázquez
73%
16 FW Serbia Luka Jović
73%
22 MF Spain Isco
68%
19 MF Spain Dani Ceballos
66%
5 DF Spain Jesús Vallejo
60%
No matching quizzes found
Score Distribution
Percent of People with Each Score
Percentile by Number Answered
Your Score History
You have not taken this quiz since the last reset